| 000 | 00411nam a22001457a 4500 | ||
|---|---|---|---|
| 020 | _a978-1-259-69652-7 | ||
| 040 | _cSCME | ||
| 082 | _a660.2969 S639C | ||
| 100 |
_aSmith J.M, H C Van Ness, M M Abbott, M T Swihart _9127683 |
||
| 245 |
_aIntroduction to chemical engineering thermodynamics / _cJ M Smith |
||
| 250 | _a8th ed. | ||
| 260 |
_aNew York _bMcGraw Hill _c2018 |
||
| 300 | _a750p. | ||
| 942 |
_2ddc _cBK |
||
| 999 |
_c608439 _d608439 |
||